书目信息 |
| 题名: |
受贿罪法定刑设置研究
|
|
| 作者: | 于雪婷 著 | |
| 分册: | ||
| 出版信息: | 北京 法律出版社 2013 |
|
| 页数: | 217页 | |
| 开本: | 21cm | |
| 丛书名: | ||
| 单 册: | ||
| 中图分类: | D924.392.4 | |
| 科图分类: | ||
| 主题词: | 贿赂--刑事犯罪--研究--中国 , 贿赂 , 刑事犯罪 | |
| 电子资源: | ||
| ISBN: | 978-7-5118-5755-2 | |
| 000 | 01061nam0 2200265 450 | |
| 001 | 523 | |
| 005 | 20140908090430.32 | |
| 010 | @a978-7-5118-5755-2@dCNY25.00 | |
| 100 | @a20140228d2013 kemy0chiy50 ea | |
| 101 | 0 | @achi |
| 102 | @aCN@b110000 | |
| 105 | @ay z 000yy | |
| 106 | @ar | |
| 200 | 1 | @a受贿罪法定刑设置研究@AShou Hui Zui Fa Ding Xing She Zhi Yan Jiu@dThe research on setting of statutory sentence for bribery@f于雪婷著@FYu Xue Ting Zhu@zeng |
| 210 | @a北京@c法律出版社@d2013 | |
| 215 | @a217页@d21cm | |
| 330 | @a本书从我国现行受贿罪的法定刑分析入手,反思和检讨我国受贿罪法定刑设置中存在的不足,结合法定刑设置依据的理论分析、我国刑事司法传统的考量和当代刑罚观的应然定位,以及对域外相关立法的比较研究,提出相应的完善对策。 | |
| 510 | 1 | @aResearch on setting of statutory sentence for bribery@zeng |
| 606 | 0 | @a贿赂@x刑事犯罪@x研究@y中国 |
| 606 | 0 | @a贿赂 |
| 606 | 0 | @a刑事犯罪 |
| 690 | @aD924.392.4@v5 | |
| 701 | 0 | @a于雪婷@AYu Xue Ting@c(女,@f1981~)@4著 |
| 801 | 0 | @aCN@bTANGWEI@c20140603 |
| 905 | @b0841385-87@dD924.392.4@e431@f3 | |
| 受贿罪法定刑设置研究=The research on setting of statutory sentence for bribery/于雪婷著.-北京:法律出版社,2013 |
| 217页;21cm |
| ISBN 978-7-5118-5755-2:CNY25.00 |
| 本书从我国现行受贿罪的法定刑分析入手,反思和检讨我国受贿罪法定刑设置中存在的不足,结合法定刑设置依据的理论分析、我国刑事司法传统的考量和当代刑罚观的应然定位,以及对域外相关立法的比较研究,提出相应的完善对策。 |
| ● |
| 相关链接 |
|
|
|
|
正题名:受贿罪法定刑设置研究
索取号:D924.392.4/431
 
预约/预借
| 序号 | 登录号 | 条形码 | 馆藏地/架位号 | 状态 | 备注 |
| 1 | 0841385 | 208413858 | 第一样本阅览室/ [索取号:D924.392.4/431] | 在馆 | |
| 2 | 0841386 | 208413867 | 密集书库-史法系/ [索取号:D924.392.4/431] | 在馆 | |
| 3 | 0841387 | 208413876 | 第一借阅区/ [索取号:D924.392.4/431] | 在馆 |